Resumen del informe sobre Desarrollo Humano 1998 /

Uloženo v:
Podrobná bibliografie
Médium: Text
Témata:
Tagy: Přidat tag
Žádné tagy, Buďte první, kdo vytvoří štítek k tomuto záznamu!

MARC

LEADER 00000 a a2200000 04500
001 2341
003
040
245 |a Resumen del informe sobre Desarrollo Humano 1998 /  |c Programa de las Naciones Unidas para el Desarrollo  
650 |a DESARROLLO HUMANO  
650 |a DERECHOS HUMANOS  
650 |a POBREZA  
650 |a DESARROLLO HUMANO  
650 |a INDICES  
773 |g volumen 17, número 3; páginas 8-9  
999 |c 38192  |d 38192